Scientific papers of the University of Pardubice Series D

Uložené v:
Podrobná bibliografia
Médium: Seriál
Jazyk:Czech
Vydavateľské údaje: Pardubice Fakulta ekonomicko-správní Univerzity Pardubice 2014
Tagy: Pridať tag
Žiadne tagy, Buďte prvý, kto otaguje tento záznam!

MARC

LEADER 00000nas2a2200000 4500
001 0208024
005 20170823080623.5
022 |a 1804-8048 
041 0 |a cze 
044 |a CZ 
245 1 0 |a Scientific papers of the University of Pardubice  |b Series D 
264 1 |a Pardubice  |b Fakulta ekonomicko-správní Univerzity Pardubice  |c 2014 
773 0 |w eu_un_cat*0208010